000 01159cam a2200325 a 4500
999 _c41797
_d41797
001 17430423
003 OSt
005 20221110140742.0
008 120814s2014 mauab b 001 0 eng
010 _a 2012029866
020 _a9789332587274
020 _a9780321819314 (hbk.)
020 _a0321819314 (hbk.)
040 _aDLC
_cDLC
_dDLC
042 _apcc
050 0 0 _aQR41.2
_b.B382 2014
082 0 0 _a616.9041
_223
_bBAU/M
100 1 _aBauman, Robert W.
_99225
245 1 0 _aMicrobiology :
_bwith diseases by taxonomy /
_cRobert W. Bauman ; contributions by Elizabeth Machunis-Masuoka.
250 _a4th ed.
260 _aBoston :
_bPearson,
_cc2014.
300 _a792 p :
_bill. (chiefly col.), col. maps ;
_c29 cm.
504 _aIncludes bibliographical references (p. CR-1-CR-3) and index.
650 0 _aMicrobiology.
650 0 _aMedical microbiology.
700 1 _aMachunis-Masuoka, Elizabeth.
906 _a7
_bcbc
_corignew
_d1
_eecip
_f20
_gy-gencatlg
942 _2ddc
_cBK
_h616.9041
_iBAU/M
_k616.9041
_mBAU/M